000 00376nam a2200145Ia 4500
008 231129s2010||||xx |||||||||||||| ||spa||
020 _a978-84-92750-07-8
040 _bspa
082 _a(i) 843 B651c
100 _aBloch Muriel
245 0 _aCuentos de amor alrededor del mundo
260 _c2010
264 _aKókinos
942 _2ddc
_cBKS
999 _c2542
_d2542